| 000 | 00580cab a2200205 4500 | ||
|---|---|---|---|
| 001 | WB3408-09 | ||
| 008 | 090401t1998 xxu||||| |||| 00| 0 eng d | ||
| 035 | _a(Sirsi) u84538 | ||
| 041 | _aeng | ||
| 245 | _aRDA contenders | ||
| 260 | _c1998 | ||
| 350 | _a0 | ||
| 490 |
_aFinancial Times _v21 February 1998, 7(2) |
||
| 520 | _aHighlights the rivalry between towns over where regional development agencies should be based | ||
| 650 | _aREGIONAL ASSEMBLIES | ||
| 650 | _aREGIONAL DEVELOPMENT AGENCIES | ||
| 690 | _aECONOMIC AND SOCIAL | ||
| 942 | _n0 | ||
| 948 | _c26/02/1998 | ||
| 999 |
_c53128 _d53128 |
||